Sales forecasting management : (Record no. 5619)

MARC details
000 -LEADER
fixed length control field 00769nam a22002177a 4500
003 - CONTROL NUMBER IDENTIFIER
control field OSt
005 - DATE AND TIME OF LATEST TRANSACTION
control field 20251106075549.0
008 - FIXED-LENGTH DATA ELEMENTS--GENERAL INFORMATION
fixed length control field 251106b |||||||| |||| 00| 0 eng d
020 ## - INTERNATIONAL STANDARD BOOK NUMBER
International Standard Book Number 1-4129-0571-0
040 ## - CATALOGING SOURCE
Original cataloging agency DWCL-Main lib
Transcribing agency OC
082 ## - DEWEY DECIMAL CLASSIFICATION NUMBER
Classification number Circ. 658.8 M549 2005
100 ## - MAIN ENTRY--PERSONAL NAME
Personal name Mentzer, J.
245 ## - TITLE STATEMENT
Title Sales forecasting management :
Remainder of title a demand management approach
Statement of responsibility, etc. Mentzer, John
260 ## - PUBLICATION, DISTRIBUTION, ETC.
Place of publication, distribution, etc. California
Name of publisher, distributor, etc. : Sage Publications,
Date of publication, distribution, etc. c2005
300 ## - PHYSICAL DESCRIPTION
Extent xv, 347 pages :
Dimensions 23 cm.
504 ## - BIBLIOGRAPHY, ETC. NOTE
Bibliography, etc. note Includes bibliographical references and index
650 ## - SUBJECT ADDED ENTRY--TOPICAL TERM
Source of heading or term Marketing research-management
650 ## - SUBJECT ADDED ENTRY--TOPICAL TERM
Source of heading or term Sales forecasting-management
700 ## - ADDED ENTRY--PERSONAL NAME
Personal name Moon, Mark A.
942 ## - ADDED ENTRY ELEMENTS (KOHA)
Source of classification or shelving scheme Dewey Decimal Classification
Koha item type Book Circulation
Edition 2nd edition
Classification part Circ. 658.8 M549 2005
Call number prefix Circ.
Suppress in OPAC No
952 ## - LOCATION AND ITEM INFORMATION (KOHA)
--
Holdings
Withdrawn status Lost status Source of classification or shelving scheme Damaged status Not for loan Home library Current library Shelving location Date acquired Source of acquisition Cost, normal purchase price Total Checkouts Full call number Barcode Date last seen Copy number Price effective from Koha item type Uniform Resource Identifier
    Dewey Decimal Classification     College Library College Library Circulation 12/14/2005 School Fund 5830.00   Circ. 658.8 M549 2005 CL42568 11/06/2025 c1 11/06/2025 BK-CIRC